000 00416nam a2200133Ia 4500
008 220216s9999 xx 000 0 und d
100 _aAmnuaypornsri S
245 0 _aRole of phospholipids and proteins on gel formation and physical properties of NR during accelerated storage
260 _bKautschuk Gummi Kunststoffe
_c2009
300 _a88-92
700 _aNimpaiboon A.
700 _aSakdapipanich
942 _cJS
999 _c67198
_d67198